000 00368 a2200121 4500
001 ART_44739
005 20260410161709.0
008 260409a
245 1 0 _aInfracciones atípicas en el derecho tributario nacional
100 1 _aAlbornoz, Juan J.
700 1 _aPérez, Anahí Flavia
773 0 _tRevista Impuestos
_g- Nº 10 (oct. 2017)
_wREV639
999 _c15891
_d15891